000 00395nam a22001457a 4500
999 _c7662
_d7660
005 20210318120110.0
008 210318b ||||| |||| 00| 0 eng d
082 _a346.066
100 _aAIYAR, A.N.
_96466
245 _aCOMPANY CASES THE CORPORATE LAW WEEKLY [VOL-145]
260 _aCHENNAI
_bCOMPANY LAW INSTITUTE OF INDIA
_c2008
300 _a852,p i-xl,
650 _aLAW
_95701
942 _cJRL